000 00577nam a2200205Ia 4500
003 BUBTL
008 151213s9999 xx 000 0 und d
082 _a658.4045492/CHM
100 _aChadha, Skylark
_92768
245 _aManaging Protects In Bangladesh
_cSkylark Chadha
260 _aDhaka
_bUniversity Press
300 _axx,362p.:
_b24cm.
_cManagement
500 _aIncludes Index
650 _aManagement
_92769
650 _aManagement
_92769
700 _aSkylark Chadha
_92770
856 _k0
_l0
_yDownload
942 _2ddc
_cBK
999 _c1123
_d1123